| 000 | 00458nam a2200181Ia 4500 | ||
|---|---|---|---|
| 008 | 230524s9999 xx 000 0 und d | ||
| 020 | _a8177583670 | ||
| 082 |
_a6.3 _bRUS |
||
| 100 | _aStuart Russell | ||
| 245 | 0 | _aArtificial Intelligence : A Modern Approach | |
| 250 | _a2ND | ||
| 260 |
_aNEW DELHI _b"PHI, Pearson" _c2005 |
||
| 300 | _aXXVIII;1045 | ||
| 500 | _aQuantity Number: 129 | ||
| 650 | _aComp-Sc | ||
| 700 | _a Peter Norvig | ||
| 942 | _cBK | ||
| 999 |
_c27313 _d27313 |
||